[Event "ZI-2013-0-01607"]
[Site "LSS email"]
[Date "2013.05.06"]
[Round "?"]
[White "Castilla Sanchez, Luis Marios"]
[Black "Korinek, Jaroslav"]
[Result "0-1"]
[WhiteElo "1906"]
[BlackElo "1737"]
[PlyCount "72"]
[EventDate "2013.04.20"]
[EventType "match (corr)"]
[EventRounds "2"]
[EventCountry "GER"]
[SourceTitle "Telechess CBM 161"]
[Source "ChessBase"]
[SourceDate "2014.07.16"]
[SourceVersion "1"]
[SourceVersionDate "2014.07.16"]
[SourceQuality "1"]

1. d4 Nf6 2. c4 c6 3. Nc3 d5 4. Nf3 dxc4 5. a4 Bf5 6. e3 e6 7. Bxc4 Nbd7 8. 0-0 Bb4 9. Qe2 Bg6 10. Rd1 0-0 11. Bd3 Bxd3 12. Rxd3 Qa5 13. e4 e5 14. Nxe5 Nxe5 15. dxe5 Qxe5 16. f4 Qe7 17. e5 Rad8 18. Rxd8 Rxd8 19. exf6 Qxe2 20. Nxe2 Bc5+ 21. Nd4 Bxd4+ 22. Kf1 Bxf6 23. Ke2 Re8+ 24. Kd1 Bd4 25. Ra3 f6 26. Rb3 b6 27. Rd3 Re4 28. b3 f5 29. g3 Kf7 30. Ba3 Ke6 31. Kc2 Kd5 32. Rd2 Re3 33. Bb2 c5 34. b4 Kc4 35. bxc5 bxc5 36. a5 a6 0-1

[Event "OP-2010-0-01221"]
[Site "LSS email"]
[Date "2010.07.31"]
[Round "?"]
[White "Castilla Sanchez, Luis Marios"]
[Black "Rodriguez, Raul"]
[Result "0-1"]
[WhiteElo "2050"]
[BlackElo "800"]
[PlyCount "64"]
[EventDate "2010.07.26"]
[EventType "tourn (corr)"]
[EventRounds "4"]
[EventCountry "GER"]
[SourceTitle "Telechess CBM 143"]
[Source "ChessBase"]
[SourceDate "2011.07.15"]
[SourceVersion "1"]
[SourceVersionDate "2011.07.15"]
[SourceQuality "1"]

1. e4 e6 2. d4 d5 3. Nc3 Nf6 4. Bg5 Bb4 5. e5 h6 6. exf6 hxg5 7. fxg7 Rg8 8. h4 gxh4 9. Nf3 Qf6 10. Qd2 Qxg7 11. a3 Be7 12. 0-0-0 Bd7 13. Nxh4 Nc6 14. g3 Bg5 15. f4 Be7 16. Ne2 Rh8 17. Qd3 0-0-0 18. Qe3 Kb8 19. Ng1 Bd6 20. Ngf3 Qxg3 21. Kb1 Qxf4 22. Qc3 Be7 23. Ng2 Qe4 24. Rg1 Bf6 25. Nge1 Rdg8 26. Rxg8+ Rxg8 27. Bg2 Be8 28. Bh1 b6 29. Bg2 Ne7 30. Qd2 Nf5 31. Bf1 Qg4 32. Ne5 Qxd4 0-1